| 000 | 00359nam a2200145Ia 4500 | ||
|---|---|---|---|
| 005 | 20250311062432.0 | ||
| 008 | 240331s9999 xx 000 0 und d | ||
| 082 |
_bASO _a894 |
||
| 100 | _aAsoka, M | ||
| 245 | 0 | _aSirakodintha paravaikal | |
| 260 |
_a Batticaloa _bSt. Sebastian press _c1993 |
||
| 300 | _a124 p ., | ||
| 650 | _a10 - short stories | ||
| 942 | _cL | ||
| 999 |
_c3971 _d3971 |
||